Moving ahead : national strategy for accelerated poverty reduction II, FY 2009-11 /

Bibliografiska uppgifter
Institutionell upphovsman: Bangladesh. Parikalpanā Kamiśana. General Economics Division
Materialtyp: Bok
Språk:English
Publicerad: Dhaka : General Economics Division, Planning Commission, Govt. of the People's Republic of Bangladesh, 2008.
Ämnen:
Classic Catalogue: View this record in Classic Catalogue
LEADER 01235nam a2200229 a 4500
001 15662180
003 BD-DhAAL
008 090721s2008 bg f000 0 eng d
010 |a  2009341574 
040 |a DLC  |c DLC  |d BD-DhAAL 
082 |a 339.46095492  |2 22 
245 0 0 |a Moving ahead :  |b national strategy for accelerated poverty reduction II, FY 2009-11 /  |c General Economics Division, Planning Commission. 
260 |a Dhaka :  |b General Economics Division, Planning Commission, Govt. of the People's Republic of Bangladesh,  |c 2008. 
300 |a xxvi, 370 pages ;  |c 27 cm. 
526 |x Salim khan Sr. program Associate James P. Grant School. Course name and no. N/A  
541 1 |a A H Development publishing house  |e 00018463 
650 0 |a Poverty  |x Government policy  |z Bangladesh.  |9 213 
710 1 |a Bangladesh.  |b Parikalpanā Kamiśana.  |b General Economics Division.  |9 214 
852 4 |a School of Public Health. 
942 |2 ddc  |c BK 
999 |c 2667  |d 2667 
952 |0 0  |1 0  |2 ddc  |4 0  |6 339_460954920000000_MOV  |7 0  |9 2449  |a JPGSPH  |b JPGSPH  |d 2009-07-22  |e A. H. Development Publishing House.  |g 600.00  |l 0  |o 339.46095492 MOV  |p 3060018463  |r 2009-07-22  |t 1  |w 2009-07-22  |y BK  |x Requisitioned by Salim khan, Sr. program Associate, James P. Grant School. Course name and no. N/A